000 00388nam a2200133Ia 4500
003 GCL
008 140319s9999 xx 000 0 ara d
040 _aGCL /
_cGCL
082 0 4 _a953.1
_bع م
245 1 0 _aالمملكة العربية السعودية بين الاولى والثالثة .
260 _a[S.N] :
_bدار اخبار العرب ،
_c1983
300 _a318 ص
490 _a
999 _c35531
_d35531